[Event "Las Vegas Masters"]
[Site "Las Vegas"]
[Date "2006.06.10"]
[Round "1.3"]
[White "Adamson, Robby"]
[Black "Mikhalevski, Victor"]
[Result "0-1"]
[WhiteElo "2354"]
[BlackElo "2566"]
[PlyCount "64"]
[EventDate "2006.06.??"]

1. e4 e5 2. Nf3 Nc6 3. Bb5 Nf6 4. O-O Nxe4 5. Re1 Nd6 6. Nxe5 Be7 7. Bd3 O-O 8.
Qh5 f5 9. Nxc6 dxc6 10. Nc3 Bf6 11. b3 g6 12. Qd1 f4 13. Bb2 f3 14. g3 Bh3 15.
Qc1 Qd7 16. Ne4 Nxe4 17. Rxe4 Qg7 18. Bxf6 Qxf6 19. Rf4 Qg7 20. Bc4+ Kh8 21. d4
Rae8 22. Qd2 c5 23. Rxf8+ Rxf8 24. Re1 cxd4 25. Re4 c5 26. Qg5 d3 27. Re1 dxc2
28. Qxc5 Qf6 29. a4 Rd8 30. Bf1 Rd1 31. Re8+ Kg7 32. Rg8+ Kxg8 0-1

[Event "Las Vegas Masters"]
[Site "Las Vegas"]
[Date "2006.06.10"]
[Round "1.5"]
[White "Taylor, Timothy"]
[Black "Fontaine, Robert"]
[Result "0-1"]
[WhiteElo "2330"]
[BlackElo "2521"]
[PlyCount "164"]
[EventDate "2006.06.??"]

1. f4 d5 2. Nf3 g6 3. e3 Bg7 4. Be2 Nf6 5. O-O O-O 6. d3 c5 7. a4 Nc6 8. Na3
Bg4 9. c3 Rc8 10. h3 Bxf3 11. Bxf3 d4 12. cxd4 cxd4 13. e4 Nd7 14. Bd2 Bh6 15.
g3 Nc5 16. Bg4 e6 17. f5 Be3+ 18. Bxe3 dxe3 19. Qc1 exf5 20. exf5 e2 21. Bxe2
Qd4+ 22. Kh1 Rce8 23. Nb5 Qd5+ 24. Bf3 Qxf5 25. Bg2 Qe5 26. Qc4 a6 27. Nc3 Qd6
28. b4 Nd7 29. Rf4 Re3 30. Raf1 Nce5 31. Qd4 Qxd4 32. Rxd4 Rxg3 33. Rd1 Rc8 34.
Ne4 Re3 35. Nd6 Rc2 36. Nc4 Ree2 37. Bxb7 Rh2+ 38. Kg1 Rxh3 39. b5 axb5 40.
axb5 Rg3+ 41. Kf1 Ng4 42. Rd2 Rc1+ 43. Ke2 Nde5 44. Rb2 Rgg1 45. Nxe5 Nxe5 46.
b6 Rb1 47. Rxb1 Rxb1 48. Rd6 Kf8 49. Ba8 Ke7 50. Rd5 Rb2+ 51. Kd1 Nd7 52. b7 h5
53. Kc1 Rb6 54. Kd2 f6 55. Ke3 g5 56. Kf3 h4 57. Kg4 Ke6 58. Ra5 Rb4+ 59. Kf3
Rb3 60. Ke4 f5+ 61. Kd4 Rb6 62. Ra1 h3 63. Re1+ Kd6 64. Re8 g4 65. Rh8 Rb1 66.
Ke3 Ke6 67. Rh6+ Ke7 68. Kf4 Rb5 69. Rh5 Kd6 70. Rh6+ Kc7 71. Rc6+ Kb8 72. Rc8+
Ka7 73. Rh8 Nb8 74. Rh6 Rd5 75. d4 Rxd4+ 76. Kxf5 Ra4 77. Rh8 Rb4 78. Rh7 Ra4
79. Rh8 Nc6 80. Rh7 Kb6 81. Rh6 Ka7 82. Rxc6 g3 0-1

[Event "Las Vegas Masters"]
[Site "Las Vegas"]
[Date "2006.06.10"]
[Round "1.9"]
[White "Kiewra, Keaton"]
[Black "Friedel, Joshua"]
[Result "0-1"]
[WhiteElo "2257"]
[BlackElo "2465"]
[PlyCount "62"]
[EventDate "2006.06.??"]

1. e4 e5 2. Nf3 Nc6 3. Bb5 a6 4. Ba4 Nf6 5. d4 exd4 6. O-O Be7 7. Re1 b5 8. Bb3
d6 9. Bd5 Nxd5 10. exd5 Ne5 11. Nxd4 Bd7 12. Bf4 Ng6 13. Bg5 O-O 14. Bxe7 Nxe7
15. Qh5 g6 16. Qf3 Nf5 17. Nxf5 Bxf5 18. c3 Qg5 19. h4 Qxh4 20. Nd2 Rae8 21.
Re3 Re7 22. Rae1 Rfe8 23. Nf1 Be4 24. Qe2 Re5 25. Rd1 Qg5 26. Rg3 Qf4 27. Re3
Bxg2 28. Kxg2 Rg5+ 29. Kh1 Rxe3 30. fxe3 Qe4+ 31. Kh2 Qh4# 0-1

[Event "Las Vegas Masters"]
[Site "Las Vegas"]
[Date "2006.06.10"]
[Round "1.11"]
[White "Belliard, Luis"]
[Black "Stein, Alan"]
[Result "0-1"]
[WhiteElo "2240"]
[BlackElo "2434"]
[PlyCount "128"]
[EventDate "2006.06.??"]

1. d4 Nf6 2. Nf3 e6 3. Bg5 h6 4. Bxf6 Qxf6 5. e4 Nc6 6. c3 d6 7. Na3 Bd7 8. Nc4
e5 9. Ne3 g6 10. Bb5 Bg7 11. d5 Nb8 12. Qb3 O-O 13. Bd3 Bc8 14. Qc2 Nd7 15. b4
Qe7 16. O-O h5 17. Rfe1 Nf6 18. Nd2 Ng4 19. Ndf1 Qg5 20. Nxg4 hxg4 21. c4 Bf6
22. c5 Be7 23. a4 a5 24. c6 b6 25. Reb1 f5 26. bxa5 Rxa5 27. Rb5 Ra8 28. Rbb1
fxe4 29. Bxe4 Bf5 30. Ng3 Qf4 31. a5 bxa5 32. Ra4 Qg5 33. Rba1 Rab8 34. Rxa5
Rb4 35. R1a4 Rxa4 36. Rxa4 Bxe4 37. Rxe4 Kg7 38. Nf1 Ra8 39. Qe2 Qf5 40. Rxg4
Ra5 41. h4 Rxd5 42. Ne3 Qb1+ 43. Kh2 Rc5 44. Qf3 Bf6 45. h5 g5 46. Re4 d5 47.
h6+ Kf7 48. Rxe5 Qg6 49. Ng4 Qh5+ 50. Qh3 Qxh3+ 51. Kxh3 Bxe5 52. Nxe5+ Kg8 53.
f4 gxf4 54. Kg4 d4 55. Kxf4 Rxe5 56. Kxe5 d3 57. Ke6 d2 58. Kd7 d1=Q+ 59. Kxc7
Qa4 60. Kd6 Kf7 61. Kd7 Qd4+ 62. Kc8 Ke7 63. h7 Kd6 64. Kb7 Qb2+ 0-1

[Event "Las Vegas Masters"]
[Site "Las Vegas"]
[Date "2006.06.10"]
[Round "1.13"]
[White "Bick, John"]
[Black "Ippolito, Dean"]
[Result "1/2-1/2"]
[WhiteElo "2238"]
[BlackElo "2413"]
[PlyCount "22"]
[EventDate "2006.06.??"]

1. d4 Nf6 2. c4 e6 3. Nf3 b6 4. g3 Bb7 5. Bg2 Be7 6. O-O O-O 7. Nc3 Ne4 8. Qd3
Nxc3 9. bxc3 f5 10. d5 Na6 11. Nd4 Nc5 1/2-1/2

[Event "Las Vegas Masters"]
[Site "Las Vegas"]
[Date "2006.06.10"]
[Round "1.14"]
[White "Bartholomew, John"]
[Black "Arjun, Vishnuvardhan"]
[Result "1-0"]
[WhiteElo "2406"]
[BlackElo "2221"]
[PlyCount "67"]
[EventDate "2006.06.??"]

1. e4 c5 2. Nf3 d6 3. d4 cxd4 4. Nxd4 Nf6 5. Nc3 a6 6. Bg5 e6 7. f4 h6 8. Bh4
Be7 9. Qf3 Qc7 10. O-O-O Nbd7 11. Bd3 g5 12. fxg5 Ne5 13. Qe2 Nfg4 14. Kb1 hxg5
15. Bg3 Bd7 16. Rdf1 b5 17. Nf3 Rc8 18. h3 Nh6 19. Nxe5 dxe5 20. Qh5 b4 21. Nd1
Bb5 22. Ne3 Bxd3 23. cxd3 Kd7 24. Qe2 Bc5 25. Rc1 Qb8 26. Nc4 Bd4 27. Rhf1 Ke7
28. Qf3 f5 29. exf5 Nxf5 30. Rce1 Rc5 31. Bf2 Qa8 32. Qg4 Kf6 33. Bxd4 exd4 34.
Qxd4+ 1-0

[Event "Las Vegas Masters"]
[Site "Las Vegas"]
[Date "2006.06.10"]
[Round "1.16"]
[White "Vigorito, David"]
[Black "Murzin, Lenar"]
[Result "1-0"]
[WhiteElo "2373"]
[BlackElo "2195"]
[PlyCount "59"]
[EventDate "2006.06.??"]

1. d4 Nf6 2. c4 e6 3. Nc3 Bb4 4. Qc2 c5 5. dxc5 O-O 6. a3 Bxc5 7. Nf3 b6 8. Bf4
Bb7 9. Rd1 Nc6 10. b4 Be7 11. e4 Rc8 12. Be2 a6 13. O-O Qe8 14. e5 Nh5 15. Be3
b5 16. cxb5 axb5 17. Qd2 Nb8 18. Nxb5 f6 19. Nd6 Bxd6 20. exd6 Nc6 21. Rc1 Qf7
22. Rc5 f5 23. b5 f4 24. bxc6 fxe3 25. Qxe3 Nf4 26. Ne5 Qf6 27. Nxd7 Qg6 28.
Qxf4 Rxf4 29. cxb7 Rd8 30. Rc8 1-0

[Event "Las Vegas Masters"]
[Site "Las Vegas"]
[Date "2006.06.10"]
[Round "1.17"]
[White "Allen, Edward"]
[Black "Gokhale, Chandrashekhar"]
[Result "0-1"]
[WhiteElo "2196"]
[BlackElo "2368"]
[PlyCount "76"]
[EventDate "2006.06.??"]

1. e4 e5 2. Nc3 Nf6 3. Bc4 Bc5 4. f4 d6 5. Nf3 Nc6 6. d3 a6 7. Nd5 h6 8. f5 Na5
9. Nxf6+ Qxf6 10. g4 Nxc4 11. dxc4 b5 12. cxb5 axb5 13. Qe2 Ba6 14. Be3 b4 15.
Qf2 Bxe3 16. Qxe3 Qd8 17. Kf2 Qd7 18. c3 Qb5 19. cxb4 Qxb4 20. b3 Bb7 21. Nd2
d5 22. exd5 O-O 23. Kg3 Bxd5 24. Rhc1 c6 25. Nc4 Rfe8 26. a3 Qb8 27. b4 e4+ 28.
Qf4 Qb5 29. Ne3 f6 30. Qf1 Qa4 31. Qd1 Bb3 32. Qd6 Rac8 33. Rc3 Bf7 34. Rac1
Qa6 35. R1c2 Qa7 36. Qc5 Qb8+ 37. Kg2 Re5 38. Qd4 Rd8 0-1

[Event "Las Vegas Masters"]
[Site "Las Vegas"]
[Date "2006.06.10"]
[Round "1.18"]
[White "Rensch, Daniel"]
[Black "Alvarez, Franklin"]
[Result "1-0"]
[WhiteElo "2360"]
[BlackElo "2188"]
[PlyCount "57"]
[EventDate "2006.06.??"]

1. e4 e5 2. Nf3 Nc6 3. d4 exd4 4. Nxd4 d6 5. Nc3 Nf6 6. Bb5 Bd7 7. O-O Be7 8.
b3 O-O 9. Bb2 Nxd4 10. Qxd4 Bxb5 11. Nxb5 a6 12. Nc3 c5 13. Qd3 b5 14. Rad1 Re8
15. a4 bxa4 16. Nxa4 Bf8 17. Rfe1 Nd7 18. Qg3 Re6 19. f4 Qe8 20. Qf3 Rb8 21. f5
Rh6 22. Bc1 Ne5 23. Qe2 Rh4 24. g3 Rg4 25. Bf4 Rb4 26. Nc3 h5 27. Nd5 h4 28.
Nxb4 hxg3 29. hxg3 1-0

[Event "Las Vegas Masters"]
[Site "Las Vegas"]
[Date "2006.06.10"]
[Round "2.3"]
[White "Stein, Alan"]
[Black "Perelshteyn, Eugene"]
[Result "1-0"]
[WhiteElo "2434"]
[BlackElo "2526"]
[PlyCount "79"]
[EventDate "2006.06.??"]

1. e4 c5 2. Nf3 g6 3. d4 cxd4 4. Nxd4 Nc6 5. Nc3 Bg7 6. Be3 Nf6 7. Bc4 O-O 8.
Bb3 a5 9. f3 Nxd4 10. Bxd4 d6 11. a4 Be6 12. Nd5 Bxd5 13. exd5 Nd7 14. Bxg7
Kxg7 15. Qd4+ f6 16. O-O-O Nc5 17. Rhe1 Rb8 18. Bc4 Nxa4 19. Bb5 Nc5 20. Re3
Rf7 21. Rde1 Rc8 22. Kb1 Kg8 23. h4 Qf8 24. Ra3 b6 25. Rc3 f5 26. Rc4 Qg7 27.
c3 Ra8 28. Kc2 Qh6 29. Qf4 Qg7 30. b3 Ra7 31. Qd4 Qh6 32. Ra1 a4 33. Bxa4 b5
34. Rxc5 dxc5 35. Qxc5 Ra8 36. Qxb5 Qxh4 37. Rd1 Rc8 38. Qd3 Qf2+ 39. Rd2 Qc5
40. Bd7 1-0

[Event "Las Vegas Masters"]
[Site "Las Vegas"]
[Date "2006.06.10"]
[Round "2.4"]
[White "Fontaine, Robert"]
[Black "Bartholomew, John"]
[Result "1-0"]
[WhiteElo "2521"]
[BlackElo "2406"]
[PlyCount "168"]
[EventDate "2006.06.??"]

1. e4 d5 2. exd5 Qxd5 3. Nc3 Qa5 4. d4 c6 5. Nf3 Nf6 6. Bc4 Bf5 7. Bd2 e6 8.
Qe2 Bb4 9. Ne5 Nbd7 10. O-O-O Nxe5 11. dxe5 Nd5 12. Bxd5 exd5 13. g4 d4 14. Nb1
Be6 15. Bxb4 Qxb4 16. a3 Qb6 17. f4 c5 18. Nd2 O-O-O 19. Rhe1 Rhe8 20. Nc4 Bxc4
21. Qxc4 Re7 22. Re4 Qc6 23. Rde1 b5 24. Qb3 Rde8 25. Qh3 h6 26. g5+ Kb8 27.
gxh6 gxh6 28. f5 Qd5 29. e6 f6 30. Kb1 c4 31. Qxh6 Qxf5 32. Rf4 Qd5 33. Rxf6 d3
34. Qf4+ Ka8 35. cxd3 Qxd3+ 36. Ka2 c3 37. Qf3+ Qxf3 38. Rxf3 Rxe6 39. Rxe6
Rxe6 40. Rxc3 Re2 41. h4 Rh2 42. Rc8+ Kb7 43. Rh8 Rh3 44. h5 a5 45. h6 a4 46.
Kb1 Rh2 47. Kc1 Ka7 48. h7 Kb7 49. Kd1 Ka7 50. Ke1 Kb7 51. Kf1 Ka7 52. Kg1 Rh5
53. Kg2 Kb7 54. Kg3 Ka7 55. Kg4 Rh1 56. Kf5 Kb7 57. Ke5 Rh5+ 58. Kd6 b4 59.
axb4 Rh6+ 60. Kc5 Rh5+ 61. Kc4 Ka7 62. b5 Kb7 63. Kb4 Rh4+ 64. Ka5 Rh2 65. Kxa4
Ka7 66. Ka5 Kb7 67. Rg8 Rxh7 68. Rg5 Rf7 69. b4 Rh7 70. b6 Rf7 71. Rh5 Rg7 72.
Rc5 Rg1 73. Rc7+ Kb8 74. Rh7 Rg8 75. Ka6 Rf8 76. b5 Rg8 77. Rb7+ Ka8 78. Rc7
Kb8 79. Rc6 Rg1 80. b7 Ra1+ 81. Kb6 Ra6+ 82. Kc5 Ra1 83. Ra6 Rh1 84. Rd6 Kxb7
1-0

[Event "Las Vegas Masters"]
[Site "Las Vegas"]
[Date "2006.06.10"]
[Round "2.5"]
[White "Almeida, Alfonso A"]
[Black "Antic, Dejan"]
[Result "1/2-1/2"]
[WhiteElo "2400"]
[BlackElo "2491"]
[PlyCount "159"]
[EventDate "2006.06.??"]

1. d4 Nf6 2. Nf3 g6 3. g3 Bg7 4. Bg2 O-O 5. O-O d6 6. c4 c6 7. Nc3 Qa5 8. e4 e5
9. d5 cxd5 10. Nxd5 Nxd5 11. Qxd5 Qc7 12. b3 Be6 13. Qd2 Na6 14. Rd1 Nc5 15.
Ng5 h6 16. Nxe6 Nxe6 17. Ba3 Nd4 18. Rac1 Rfd8 19. Kh1 b6 20. Bb2 Rab8 21. f4
Qe7 22. Rf1 h5 23. Rce1 Ne6 24. Qf2 Qe8 25. Re3 b5 26. cxb5 Rxb5 27. f5 Nc5 28.
Qe2 Bh6 29. Ref3 Rb4 30. fxg6 fxg6 31. Qd1 Bg7 32. Bc3 Rb5 33. Qe2 Ne6 34. Qd2
Nd4 35. Rf7 Rd7 36. R7f2 Rc5 37. Qd3 Rdc7 38. Bb4 R5c6 39. Bh3 Qe7 40. Ba5 Rb7
41. Bc3 Rbc7 42. Ba5 Rb7 43. Rd1 Rb8 44. Bf1 Rf8 45. Be1 Rcc8 46. Qb1 Kh7 47.
Bc4 Qg5 48. Qd3 Qg4 49. Kg2 Bh6 50. h3 Qg5 51. Rdd2 h4 52. Rxf8 Rxf8 53. Rf2
Rxf2+ 54. Bxf2 hxg3 55. Qxg3 Qd2 56. Bf7 Bg5 57. h4 Kg7 58. Be8 Kf8 59. Bxg6
Bf4 60. Qh3 Kg7 61. h5 Qe2 62. Bf5 d5 63. exd5 e4 64. Qg4+ Qxg4+ 65. Bxg4 e3
66. Be1 e2 67. Bg3 Bxg3 68. Bxe2 Nxe2 69. Kf3 Bh2 70. Kxe2 Kh6 71. d6 Bxd6 72.
Kd3 Kxh5 73. Kc4 Kg5 74. Kb5 Kf5 75. Ka6 Bc5 76. b4 Bf2 77. a4 Ke5 78. a5 Kd5
79. b5 Kd6 80. b6 1/2-1/2

[Event "Las Vegas Masters"]
[Site "Las Vegas"]
[Date "2006.06.10"]
[Round "2.7"]
[White "Friedel, Joshua"]
[Black "Vigorito, David"]
[Result "1/2-1/2"]
[WhiteElo "2465"]
[BlackElo "2373"]
[PlyCount "79"]
[EventDate "2006.06.??"]

1. e4 e5 2. Nf3 Nf6 3. Nxe5 d6 4. Nf3 Nxe4 5. d4 d5 6. Bd3 Bd6 7. O-O O-O 8. c4
c6 9. cxd5 cxd5 10. Nc3 Nxc3 11. bxc3 Bg4 12. Rb1 Nd7 13. h3 Bh5 14. Rb5 Nb6
15. c4 Bxf3 16. Qxf3 dxc4 17. Bc2 Qd7 18. Rg5 g6 19. Bf5 Qc6 20. Be4 Qc7 21. h4
f5 22. Bxb7 Rab8 23. Bc6 Rbc8 24. d5 Nd7 25. Bxd7 Qxd7 26. h5 Qg7 27. hxg6 hxg6
28. Re1 Rfe8 29. Re6 Rxe6 30. dxe6 c3 31. e7 Qf7 32. Qb7 Rb8 33. Qc6 Qe6 34.
Qxc3 Kf7 35. g4 fxg4 36. Bb2 Rxb2 37. Qxb2 Qe1+ 38. Kg2 Qe4+ 39. Kg1 Qe1+ 40.
Kg2 1/2-1/2

[Event "Las Vegas Masters"]
[Site "Las Vegas"]
[Date "2006.06.10"]
[Round "2.8"]
[White "Sevillano, Enrico"]
[Black "Rensch, Daniel"]
[Result "1-0"]
[WhiteElo "2472"]
[BlackElo "2360"]
[PlyCount "105"]
[EventDate "2006.06.??"]

1. e4 c5 2. c3 d6 3. Nf3 Nf6 4. Bc4 Nc6 5. Qe2 Bg4 6. h3 Bh5 7. d3 a6 8. g4 Bg6
9. Nbd2 e6 10. Bb3 Be7 11. h4 h5 12. g5 Ng4 13. Ng1 Qc7 14. Nh3 O-O-O 15. Nc4
d5 16. exd5 exd5 17. Bf4 dxc4 18. Bxc7 Kxc7 19. dxc4 Bd3 20. Qf3 Nce5 21. Qg2
Bxg5 22. Nxg5 Nf3+ 23. Qxf3 Rhe8+ 24. Qe3 Nxe3 25. fxe3 f6 26. Nh3 Rxe3+ 27.
Kf2 Re2+ 28. Kg1 Be4 29. Nf4 Bxh1 30. Nxe2 Bf3 31. Kf2 Bg4 32. Rd1 Re8 33. Rd2
g5 34. Bc2 gxh4 35. Nf4 Rf8 36. Ng6 Rg8 37. Nxh4 Be6 38. b3 Rg4 39. Nf3 b5 40.
Re2 Kd6 41. cxb5 axb5 42. Bd3 b4 43. cxb4 Rxb4 44. Nd2 Rf4+ 45. Ke3 Rh4 46.
Ne4+ Ke5 47. Nxc5 Bg4 48. Rf2 Rh3+ 49. Kd2 h4 50. Bf1 Rh1 51. Nd3+ Ke6 52. Nf4+
Kf5 53. b4 1-0

[Event "Las Vegas Masters"]
[Site "Las Vegas"]
[Date "2006.06.10"]
[Round "2.9"]
[White "Ippolito, Dean"]
[Black "Golod, Vitali"]
[Result "1/2-1/2"]
[WhiteElo "2413"]
[BlackElo "2571"]
[PlyCount "147"]
[EventDate "2006.06.??"]

1. d4 d5 2. Nf3 Nf6 3. c4 e6 4. g3 Bb4+ 5. Bd2 Be7 6. Bg2 c6 7. Qb3 Nbd7 8. Bg5
b6 9. O-O O-O 10. Rd1 h6 11. Bxf6 Bxf6 12. Nbd2 Bb7 13. e4 Rc8 14. Rac1 Re8 15.
a3 c5 16. cxd5 exd5 17. e5 Be7 18. Ne1 cxd4 19. Bxd5 Bxd5 20. Rxc8 Bxb3 21.
Rxd8 Rxd8 22. Nxb3 Nxe5 23. Rxd4 Rc8 24. Kg2 Bf6 25. Rd2 a5 26. Re2 Nc4 27. Rc2
Re8 28. Rxc4 Rxe1 29. Rc8+ Kh7 30. Rc6 Bxb2 31. Rxb6 a4 32. Nd2 Bxa3 33. Nc4
Bc5 34. Rb5 a3 35. Ra5 Bb4 36. Ra4 Bf8 37. Ra7 Re2 38. Nxa3 Bc5 39. Ra5 Rxf2+
40. Kh3 Bb4 41. Ra4 Be7 42. Ra7 Bxa3 43. Rxa3 h5 44. Ra4 Kh6 45. g4 hxg4+ 46.
Rxg4 f5 47. Ra4 g5 48. Kg3 Rb2 49. Ra8 Rb3+ 50. Kg2 g4 51. Rg8 Kh5 52. Rg7 f4
53. Rg8 Rb2+ 54. Kg1 Rb1+ 55. Kf2 Rb2+ 56. Kg1 Rb5 57. Kg2 Kh4 58. Rg7 f3+ 59.
Kg1 Rb1+ 60. Kf2 Rh1 61. Rh7+ Kg5 62. Rh8 Ra1 63. Rg8+ Kf5 64. Rf8+ Ke5 65.
Re8+ Kf6 66. Rf8+ Ke7 67. Rf4 Ra2+ 68. Kf1 Ra1+ 69. Kf2 Ra2+ 70. Kf1 Rg2 71. h3
gxh3 72. Rxf3 Rh2 73. Kg1 Rg2+ 74. Kf1 1/2-1/2

[Event "Las Vegas Masters"]
[Site "Las Vegas"]
[Date "2006.06.10"]
[Round "2.11"]
[White "Hess, Robert"]
[Black "Boor, Carl Brando"]
[Result "1-0"]
[WhiteElo "2354"]
[BlackElo "2233"]
[PlyCount "101"]
[EventDate "2006.06.??"]

1. e4 c5 2. Ne2 e6 3. g3 a6 4. Bg2 b5 5. c3 Bb7 6. d4 Nf6 7. d5 exd5 8. exd5 d6
9. O-O Be7 10. c4 Nbd7 11. b3 O-O 12. Bb2 Re8 13. Nd2 Bf8 14. Nf4 g6 15. Nd3
Bg7 16. Qf3 Rb8 17. Rad1 bxc4 18. bxc4 Bc8 19. Bc3 Nb6 20. Rde1 Bf5 21. h3 h5
22. Nf4 Qd7 23. Re3 Rxe3 24. fxe3 Re8 25. Bxf6 Bxf6 26. e4 g5 27. Nxh5 Bd4+ 28.
Kh2 Bg6 29. Nf6+ Bxf6 30. Qxf6 Qe7 31. Qxe7 Rxe7 32. Rb1 Na4 33. Rb3 f6 34. Ra3
Be8 35. Bf3 Rb7 36. Rb3 Rb4 37. a3 Rxb3 38. Nxb3 Nc3 39. Na5 Kf8 40. Kg2 Nb1
41. h4 gxh4 42. gxh4 Bg6 43. Kg3 Nxa3 44. Kf4 Nc2 45. Bg4 Ne1 46. h5 Bh7 47.
Bf5 Ng2+ 48. Kg3 Bxf5 49. exf5 Ne3 50. Kf4 Ng2+ 51. Ke4 1-0

[Event "Las Vegas Masters"]
[Site "Las Vegas"]
[Date "2006.06.10"]
[Round "2.13"]
[White "Arjun, Vishnuvardhan"]
[Black "Adamson, Robby"]
[Result "1-0"]
[WhiteElo "2221"]
[BlackElo "2354"]
[PlyCount "77"]
[EventDate "2006.06.??"]

1. e4 e6 2. d4 d5 3. Bd3 dxe4 4. Bxe4 Nf6 5. Bf3 c5 6. Ne2 Nc6 7. Be3 Nd5 8.
Bxd5 Qxd5 9. Nbc3 Qd7 10. dxc5 Ne5 11. Qd4 Qxd4 12. Bxd4 Nc4 13. Nb5 Kd7 14. b3
e5 15. Bc3 a6 16. bxc4 axb5 17. cxb5 Bxc5 18. Bxe5 Re8 19. O-O-O+ Ke7 20. Nc3
Ba3+ 21. Kb1 f6 22. Nd5+ Kf7 23. Bb2 Bxb2 24. Kxb2 Ra5 25. Nc3 Bf5 26. Rhe1 Rc8
27. Rd5 Be6 28. Rd6 Bf5 29. f3 h5 30. a4 Raa8 31. Kb3 Kf8 32. Re2 Bg6 33. Nd5
Rc5 34. Nb6 Bf7+ 35. Kb4 Rcc8 36. Nxa8 Rxa8 37. c4 Rc8 38. c5 Be8 39. a5 1-0

[Event "Las Vegas Masters"]
[Site "Las Vegas"]
[Date "2006.06.10"]
[Round "2.14"]
[White "Murzin, Lenar"]
[Black "Taylor, Timothy"]
[Result "1/2-1/2"]
[WhiteElo "2195"]
[BlackElo "2330"]
[PlyCount "92"]
[EventDate "2006.06.??"]

1. d4 e6 2. c4 f5 3. g3 Nf6 4. Bg2 Be7 5. Nf3 O-O 6. O-O d6 7. b3 Ne4 8. Bb2
Bf6 9. Nc3 Nc6 10. Qd3 Nxc3 11. Bxc3 e5 12. dxe5 dxe5 13. Qd5+ Kh8 14. Qxd8
Rxd8 15. Rfd1 Be6 16. e3 Kg8 17. Ne1 Rd7 18. Rxd7 Bxd7 19. Rd1 Be8 20. Rd2 Kf8
21. Nd3 Ke7 22. Nb4 Rc8 23. Nd5+ Ke6 24. b4 e4 25. Bxf6 gxf6 26. f3 Ne5 27.
fxe4 fxe4 28. Bxe4 Nxc4 29. Rf2 Ke5 30. Nxf6 Nxe3 31. Nxe8 Kxe4 32. Nf6+ Kd3
33. Nxh7 c5 34. bxc5 Rxc5 35. h3 Rh5 36. Rf7 Rxh3 37. Rxb7 Rxg3+ 38. Kf2 Rh3
39. Rxa7 Nc4 40. Ng5 Rh5 41. Rd7+ Kc3 42. Ne4+ Kb4 43. Rb7+ Rb5 44. Rxb5+ Kxb5
45. Nc3+ Kb4 46. Nb1 Nd2 1/2-1/2

[Event "Las Vegas Masters"]
[Site "Las Vegas"]
[Date "2006.06.10"]
[Round "2.15"]
[White "Belorusov, Mikhail"]
[Black "Belliard, Luis"]
[Result "1-0"]
[WhiteElo "2309"]
[BlackElo "2240"]
[PlyCount "79"]
[EventDate "2006.06.??"]

1. e4 c5 2. b3 Nf6 3. e5 Nd5 4. c4 Nc7 5. Bb2 Nc6 6. Nf3 Ne6 7. g3 g6 8. Bg2
Bg7 9. O-O O-O 10. Re1 b6 11. d4 cxd4 12. Nxd4 Nexd4 13. Bxd4 Bb7 14. Nc3 Qb8
15. Rc1 Nxd4 16. Qxd4 Bxg2 17. Kxg2 d6 18. Nd5 Re8 19. Qh4 Qb7 20. e6 f5 21. g4
fxg4 22. Qxg4 Rf8 23. Re4 Rf5 24. Rf4 Raf8 25. Rxf5 Rxf5 26. Qe4 Kh8 27. Rd1 h6
28. Rd3 b5 29. h4 bxc4 30. bxc4 Qb2 31. Rf3 Qe5 32. Qxe5 Rxe5 33. Re3 Rxe3 34.
fxe3 Bf8 35. e4 g5 36. h5 Kg8 37. e5 Bg7 38. Nxe7+ Kf8 39. exd6 Ke8 40. Nf5 1-0

[Event "Las Vegas Masters"]
[Site "Las Vegas"]
[Date "2006.06.10"]
[Round "2.16"]
[White "Stoyko, Stephen"]
[Black "Aramil, William"]
[Result "0-1"]
[WhiteElo "2293"]
[BlackElo "2215"]
[PlyCount "76"]
[EventDate "2006.06.??"]

1. e4 c5 2. Nf3 d6 3. d4 cxd4 4. Qxd4 Nc6 5. Bb5 Qd7 6. Qd3 a6 7. Bc4 b5 8. Bb3
Bb7 9. Nc3 e6 10. O-O Nf6 11. Re1 Be7 12. Bg5 h6 13. Bh4 g5 14. Bg3 g4 15. Nd4
Ne5 16. Qe2 Nh5 17. Bxe5 dxe5 18. Nxe6 fxe6 19. Rad1 Bd6 20. Qxg4 Nf4 21. Ne2
h5 22. Qf3 Nxe2+ 23. Rxe2 O-O-O 24. Red2 Qe7 25. c4 b4 26. h4 Bc6 27. c5 Bxc5
28. Rxd8+ Rxd8 29. Rxd8+ Kxd8 30. Qxh5 Qf6 31. Qe2 Qxh4 32. Bc2 Qf4 33. Bd3 a5
34. Qc2 Bd4 35. Kf1 a4 36. Ke1 Be8 37. b3 Bxf2+ 38. Kd1 Qe3 0-1

[Event "Las Vegas Masters"]
[Site "Las Vegas"]
[Date "2006.06.10"]
[Round "2.17"]
[White "Alvarez, Franklin"]
[Black "Kiewra, Keaton"]
[Result "0-1"]
[WhiteElo "2188"]
[BlackElo "2257"]
[PlyCount "114"]
[EventDate "2006.06.??"]

1. d4 Nf6 2. Nf3 g6 3. c4 Bg7 4. Nc3 O-O 5. e4 d6 6. Be2 Bg4 7. Qb3 Nc6 8. Be3
Nd7 9. d5 Bxf3 10. dxc6 Bxe2 11. cxb7 Rb8 12. Nxe2 c5 13. O-O Ne5 14. Rad1 Qd7
15. Qc2 Qxb7 16. b3 Nc6 17. f3 a5 18. Qd2 a4 19. Rb1 Ra8 20. Nc3 axb3 21. axb3
Ra3 22. Nb5 Ra6 23. Bh6 Bxh6 24. Qxh6 Ra2 25. Nc3 Rc2 26. Nd5 Nd4 27. h4 f6 28.
h5 Rf7 29. hxg6 Ne2+ 30. Kh2 Rg7 31. Rf2 hxg6 32. Rxe2 Rxe2 33. Kg1 Ra2 34. Nf4
Qc8 35. Nxg6 Qe8 36. Nh4 Rh7 37. Qf4 Qh5 38. g3 Qg5 39. Ng2 Rh3 40. Qxg5+ fxg5
41. Ne1 Rxg3+ 42. Kf1 Rh3 43. Kg1 Rhh2 44. b4 cxb4 45. Rxb4 Rhd2 46. Rb1 Kf7
47. Kf1 Kf6 48. Rc1 Ke6 49. c5 dxc5 50. Rxc5 Ra1 51. Rc3 Ke5 52. Re3 Kf4 53.
Re2 Rxe2 54. Kxe2 Rxe1+ 55. Kxe1 Kxf3 56. e5 Ke4 57. e6 Kd5 0-1

[Event "Las Vegas Masters"]
[Site "Las Vegas"]
[Date "2006.06.10"]
[Round "2.18"]
[White "Puri, Vinny"]
[Black "Allen, Edward"]
[Result "1/2-1/2"]
[WhiteElo "2246"]
[BlackElo "2196"]
[PlyCount "144"]
[EventDate "2006.06.??"]

1. c4 f5 2. Nf3 Nf6 3. g3 g6 4. b3 Bg7 5. Bb2 O-O 6. Bg2 d6 7. d4 Ne4 8. O-O
Nc6 9. Nbd2 Nxd2 10. Qxd2 e5 11. dxe5 dxe5 12. Qd5+ Kh8 13. Qxd8 Rxd8 14. Ng5
Re8 15. Nf7+ Kg8 16. Bd5 Be6 17. Bxc6 bxc6 18. Nxe5 Bxe5 19. Bxe5 Bxc4 20. bxc4
Rxe5 21. e3 Rb8 22. Rab1 Rb6 23. Rbd1 Kf7 24. Rd7+ Re7 25. Rd2 Rb4 26. Rc1 Ke8
27. Kf1 Rd7 28. Ke2 Rd6 29. Rcc2 Ke7 30. Rd3 Rxd3 31. Kxd3 Kd6 32. e4 fxe4+ 33.
Kxe4 Kc5 34. f4 Rb1 35. Kd3 Rd1+ 36. Ke3 Re1+ 37. Kd3 Rd1+ 38. Kc3 Rb1 39. Re2
Rc1+ 40. Kb3 Rb1+ 41. Kc2 Rf1 42. Kd3 Rd1+ 43. Ke4 Rd7 44. Rc2 Re7+ 45. Kd3
Rd7+ 46. Kc3 Rd1 47. f5 gxf5 48. Rf2 Rc1+ 49. Kb2 Re1 50. Rxf5+ Kxc4 51. Rh5
Re7 52. Rh4+ Kb5 53. Kc3 c5 54. a4+ Ka5 55. Rf4 Re2 56. Rh4 Re7 57. Kb3 Kb6 58.
Kc4 a5 59. Rh6+ c6 60. Rh4 Rf7 61. Rf4 Re7 62. g4 Re3 63. Rf7 Rh3 64. Rf2 Ra3
65. Rb2+ Kc7 66. Kxc5 Rxa4 67. Rf2 Rxg4 68. Rf7+ Kd8 69. Rxh7 Rg6 70. h4 Ke8
71. h5 Rg5+ 72. Kxc6 Kf8 1/2-1/2

[Event "Las Vegas Masters"]
[Site "Las Vegas"]
[Date "2006.06.11"]
[Round "3.1"]
[White "Stein, Alan"]
[Black "Mikhalevski, Victor"]
[Result "1-0"]
[WhiteElo "2434"]
[BlackElo "2566"]
[PlyCount "74"]
[EventDate "2006.06.??"]

1. e4 e5 2. Nf3 Nf6 3. d4 Nxe4 4. Bd3 d5 5. Nxe5 Nd7 6. Nxd7 Bxd7 7. O-O Bd6 8.
Nc3 Nxc3 9. bxc3 c6 10. Re1+ Kf8 11. Qh5 h6 12. Re3 Kg8 13. Rf3 Be8 14. Bf4 g6
15. Qh3 Bxf4 16. Rxf4 Bd7 17. Qg3 Qg5 18. Qf3 Qe7 19. h4 Kg7 20. c4 g5 21. Qg3
Rae8 22. Rb1 b6 23. a4 f6 24. Rf3 Qd8 25. cxd5 cxd5 26. a5 Qb8 27. axb6 axb6
28. Re3 Rxe3 29. Qxe3 Re8 30. Qf3 Be6 31. c3 g4 32. Qd1 h5 33. Bc2 Bd7 34. Qd3
Re4 35. Qa6 Re7 36. Qd3 Re4 37. Kh1 Qd6 1-0

[Event "Las Vegas Masters"]
[Site "Las Vegas"]
[Date "2006.06.11"]
[Round "3.5"]
[White "Gonzalez, Renier"]
[Black "Hess, Robert"]
[Result "1/2-1/2"]
[WhiteElo "2470"]
[BlackElo "2354"]
[PlyCount "71"]
[EventDate "2006.06.??"]

1. e4 e5 2. Nf3 Nc6 3. Bb5 a6 4. Ba4 d6 5. Bxc6+ bxc6 6. d4 exd4 7. Qxd4 c5 8.
Qd3 Ne7 9. O-O Ng6 10. Nc3 Be7 11. Nd5 O-O 12. Bd2 Bb7 13. Rad1 Bf6 14. b3 Bxd5
15. Qxd5 Qd7 16. Be3 Rae8 17. Qxc5 Rxe4 18. Qd5 Rfe8 19. c4 R4e6 20. h3 h6 21.
Qb7 Qc8 22. Qxc8 Rxc8 23. Rd5 c5 24. Rfd1 Rc6 25. Kf1 Ne7 26. Bf4 Re4 27. Bxd6
Nxd5 28. Rxd5 Be7 29. Nd2 Re6 30. Bxe7 Rxe7 31. f3 f6 32. Ne4 Re5 33. Rd8+ Kh7
34. Kf2 f5 35. Nc3 Rce6 36. Rd2 1/2-1/2